| 000 | 00964cam a22002531 4500 | ||
|---|---|---|---|
| 001 | w 06000208 | ||
| 003 | DLC | ||
| 005 | 20260227112804.0 | ||
| 008 | 740719r19051680enk 000 0beng c | ||
| 010 | _aw 06000208 | ||
| 035 | _a(OCoLC)952177 | ||
| 040 |
_aWashington, D.C. Public Library _cOKentU _dOCoLC _dHU _dPPPSB _dDLC |
||
| 050 | 0 | 0 |
_aPR3329 _b.L1 1905 |
| 100 | 1 |
_aBunyan, John, _d1628-1688. |
|
| 245 | 1 | 0 |
_aLife and death of Mr. Badman and The Holy War; _cthe text edited by John Brown, D.D. |
| 260 |
_aCambridge [Eng.] _bThe University Press, _c1905. |
||
| 300 |
_avi, [1], 431, [1] p. _bfront. _c20 cm. |
||
| 490 | 0 | _aCambridge English classics | |
| 500 | _aThe Life and death of Mr. Badman is reprinted (including t.-p.) from the 1st edition, 1680. The Holy War is from the 1st edition, 1682. | ||
| 650 | 0 |
_aSpiritual warfare _vFiction. |
|
| 655 | 7 |
_aChristian fiction. _2gsafd |
|
| 700 | 1 |
_aBrown, John, _d1830-1922, _eed. |
|
| 740 | 0 | _aThe Holy War. | |
| 999 |
_c91747 _d91747 |
||